|
|
|
|
| LEADER |
01767nam a2200397 a 4500 |
| 001 |
EBC3320036 |
| 003 |
MiAaPQ |
| 005 |
20200520144314.0 |
| 006 |
m o d | |
| 007 |
cr cn||||||||| |
| 008 |
130816s2012 gw a sbm 000 0 ger d |
| 020 |
|
|
|z 9783862193424
|
| 020 |
|
|
|z 9783862193431 (e-book)
|
| 035 |
|
|
|a (MiAaPQ)EBC3320036
|
| 035 |
|
|
|a (Au-PeEL)EBL3320036
|
| 035 |
|
|
|a (CaPaEBR)ebr10742854
|
| 035 |
|
|
|a (OCoLC)929118057
|
| 040 |
|
|
|a MiAaPQ
|c MiAaPQ
|d MiAaPQ
|
| 041 |
0 |
|
|a ger
|b ger
|b eng
|
| 050 |
|
4 |
|a TE220.3
|b .S36 2012
|
| 100 |
1 |
|
|a Schmidt, Cornelia.
|
| 245 |
1 |
0 |
|a Konstruktion und Wirtschaftlichkeit von Whitetopping aus Hochleistungsbeton fur Fahrbahnen
|h [electronic resource] =
|b Whitetopping of asphalt and concrete pavements with thin layers of ultra high performance concrete : construction and economic efficiency /
|c Cornelia Schmidt.
|
| 260 |
|
|
|a Kassel :
|b Kassel University Press,
|c c2012.
|
| 300 |
|
|
|a xii, 145 p. :
|b ill. (some col.).
|
| 490 |
0 |
|
|a Schriftenreihe Baustoffe und Massivbau =
|a Structural materials and engineering series ;
|v Heft 20
|
| 502 |
|
|
|a Dissertation--Universitat Kassel, 2012.
|
| 504 |
|
|
|a Includes bibliographical references.
|
| 533 |
|
|
|a Electronic reproduction. Ann Arbor, MI : ProQuest, 2015. Available via World Wide Web. Access may be limited to ProQuest affiliated libraries.
|
| 546 |
|
|
|a In German; title and abstract in German and English.
|
| 650 |
|
0 |
|a Pavements
|x Overlays
|x Materials.
|
| 650 |
|
0 |
|a Concrete roads.
|
| 650 |
|
0 |
|a High strength concrete.
|
| 655 |
|
4 |
|a Electronic books.
|
| 710 |
2 |
|
|a ProQuest (Firm)
|
| 830 |
|
0 |
|a Schriftenreihe Baustoffe und Massivbau ;
|v Heft 20.
|
| 856 |
4 |
0 |
|u https://ebookcentral.proquest.com/lib/matrademy/detail.action?docID=3320036
|z Click to View
|